Taxonomie animale (1) - Statistiques

Statistiques générales
  • Ce quiz a été pris 35 fois
    15 depuis la dernière actualisation
  • Le résultat moyen est 12 sur 46
Statistiques - réponses
Animal Famille ou ordre % Correct
Ours, panda Ursidés
92%
Chien, renard, fennec, chacal, lycaon Canidés
83%
Guépard, léopard, chat, lynx.. Félidés
83%
Cheval, âne, zèbre Équidés
75%
Bison, vache, antilope.. Bovins
58%
Chevreuil, élan, wapiti, cerf, caribou Cervidés
58%
Coccinelle, scarabée, capricorne.. Coléoptères
58%
Lapin, lièvre Lagomorphes
50%
Papillon Lépidoptères
50%
Dromadaire, lama, guanaco, alpaga Camélidés
42%
Chauve-souris Chiroptères
42%
Orque, dauphin Delphinidés
42%
Mouche, moustique Diptères
42%
Libellule Anisoptères
33%
Girafe, okapi Giraffidés
33%
Fourmi, abeille, guêpe, frelon Hyménoptères
33%
Libellule + demoiselle Odonates
33%
Sauterelle, grillon, criquet Orthoptères
33%
Phoque Phociidés
33%
Phacochère, sanglier, cochon/porc Suidés
33%
Punaise, cigale, puceron, gendarme Hémiptères
25%
Loutre d’Europe, loutre de mer Mustélidés
25%
Otarie Otariidés
25%
Demoiselle Zygoptères
25%
Panda roux Ailuridés
17%
Chèvre, bouquetin, mouton, oryx.. Caprinés
17%
Baleine, rorqual Baleinoptéridés
8%
Blatte, termite de saintonge Blattoptères
8%
Kangourou, wallaby Macropodidés
8%
Mante Mantoptères
8%
Béluga, narval Monodontidés
8%
Morse Odobenidés
8%
Cachalot Physétéridés
8%
Raton-laveur Procyonidés
8%
Puce du chat, puce du canard.. Siphonaptères
8%
Cloporte commun Armadillidiidés
0%
Tigre à dent de sabre Barbourofélidés
0%
Perce-oreille Dermoptères
0%
Bernard l’ermite Diogénidés
0%
Hérisson Érinacéidés
0%
Araignée de mer Majidés
0%
Homard Nephropidés
0%
Langouste Paluniridés
0%
Koala Phascolarctidés
0%
Poux Psocoptères
0%
Rat, souris, écureuil, capybara Rodontia
0%
Aucun quiz correspondant
Distribution des résultats
% des personnes avec chaque résultat
Percentile par nombre de réponses
Votre historique - résultats
Vous n’avez pas pris ce quiz depuis la dernière actualisation